Výstavba dolů a geotechnika : Sekce č. 13 /
Saved in:
| Main Author: | |
|---|---|
| Format: | Book |
| Language: | Czech |
| Published: |
Ostrava :
Vysoká škola báňská - Technická univerzita Ostrava,
1985
|
| Subjects: | |
| Online Access: |
|
| Tags: |
Add Tag
No Tags, Be the first to tag this record!
|
MARC
| LEADER | 00000nam a2200000 4500 | ||
|---|---|---|---|
| 003 | SK-BrCVT | ||
| 005 | 20220617154845.0 | ||
| 008 | 880101s1985 cs e ||||||cze d | ||
| 035 | |a CVTIDW0897797 | ||
| 040 | |b slo |a CVTI SR | ||
| 041 | 0 | |a cze | |
| 044 | |a cs | ||
| 080 | |a 622.25(08) |2 UDC-MRF | ||
| 080 | |a 622.06(08) |2 UDC-MRF | ||
| 080 | |a 622.016.2(08) |2 UDC-MRF | ||
| 100 | 1 | |a Exner, Karel | |
| 245 | 1 | 0 | |a Výstavba dolů a geotechnika : |b Sekce č. 13 / |c Autoři: Karel Exner a kol. |
| 260 | |a Ostrava : |b Vysoká škola báňská - Technická univerzita Ostrava, |c 1985 | ||
| 300 | |a 158 s. | ||
| 500 | |a 3. mezinárodní vědecká konference VŠB | ||
| 653 | 1 | |a výstavba |a baňa |a geotechnika | |
| 692 | |a KM MM | ||
| 910 | |b A459324 | ||
| 974 | |f Knihy | ||
| 992 | |a AZN | ||
| 999 | |c 53072 |d 53072 | ||